[Event "BRA-ch 88th"]
[Site "Recife"]
[Date "2022.12.23"]
[Round "11"]
[White "Leite Filho, Mario Tomaz"]
[Black "Souza Neves, Andrey Marcelo"]
[Result "0-1"]
[WhiteElo "1994"]
[BlackElo "2081"]
[PlyCount "54"]
[EventDate "2022.12.15"]
[EventType "swiss"]
[EventRounds "11"]
[EventCountry "BRA"]
[SourceTitle "CBM 212 Extra"]
[Source "ChessBase"]
[SourceDate "2023.03.31"]
[SourceVersion "1"]
[SourceVersionDate "2023.03.31"]
[SourceQuality "1"]

1. d4 d5 2. c4 e6 3. Nc3 Nf6 4. Nf3 a6 5. e3 dxc4 6. Bxc4 b5 7. Bd3 Bb7 8. 0-0 Nbd7 9. Qe2 c5 10. Rd1 Qb6 11. b3 Be7 12. Bb2 0-0 13. Rac1 Rac8 14. dxc5 Nxc5 15. Bb1 b4 16. Na4 Nxa4 17. bxa4 Qa5 18. Ne5 Rxc1 19. Rxc1 Qd5 20. f3 Rd8 21. Bd4 Bd6 22. Nc4 Bb8 23. Nb6 Qh5 24. g4 Qh3 25. Rf1 e5 26. Ba1 e4 27. fxe4 Nxg4 0-1

[Event "Joao Pessoa de Assis Memorial 2nd"]
[Site "Joao Pessoa"]
[Date "2022.10.21"]
[Round "2"]
[White "Leite Filho, Mario Tomaz"]
[Black "De Lima, Theo Magalhaes"]
[Result "1/2-1/2"]
[WhiteElo "1978"]
[BlackElo "1694"]
[PlyCount "68"]
[EventDate "2022.10.21"]
[EventType "swiss"]
[EventRounds "6"]
[EventCountry "BRA"]
[SourceTitle "CBM 210 Extra"]
[Source "ChessBase"]
[SourceDate "2022.11.30"]
[SourceVersion "1"]
[SourceVersionDate "2022.11.30"]
[SourceQuality "1"]

1. d4 d5 2. c4 e6 3. Nc3 Nf6 4. Nf3 Be7 5. Bg5 b6 6. e3 Nbd7 7. Rc1 Bb7 8. Bd3 0-0 9. 0-0 c5 10. Qe2 Rc8 11. Rfd1 dxc4 12. Bxc4 Bxf3 13. gxf3 cxd4 14. Rxd4 Rc5 15. Bh4 Qc8 16. Ba6 Qc7 17. Rcd1 Ne5 18. Bg3 Qc6 19. Bxe5 Rxe5 20. Bb5 Qc7 21. f4 Rc5 22. Rd7 Nxd7 23. Rxd7 Qb8 24. Rxe7 Rc7 25. Rxc7 Qxc7 26. Qc4 Qxc4 27. Bxc4 Rd8 28. a4 Rd2 29. b3 Kf8 30. Kf1 Ke7 31. Ke1 Rc2 32. Nb5 a6 33. Nd4 Rc1+ 34. Ke2 a5 1/2-1/2